| 000 | 00545nam a2200229Ia 4500 | ||
|---|---|---|---|
| 003 | OSt | ||
| 005 | 20221005125225.0 | ||
| 006 | a|||||r|||| 00| 0 | ||
| 007 | ta | ||
| 008 | 221004b |||||||| |||| 00| 0 eng d | ||
| 024 | _a33805 | ||
| 037 | _cTextual | ||
| 040 |
_aCRL _cCRL _beng |
||
| 041 |
_2eng _aeng |
||
| 082 | _aN52xM98, H6 | ||
| 100 | _aTrivikram | ||
| 245 | 0 | _aPaintings and world pictures etc | |
| 260 | _c1946 | ||
| 650 | _aARTS | ||
| 942 |
_hN52xM98, H6 _cTEXL _2cc |
||
| 999 |
_c1053330 _d1053330 |
||